Logo BPK

Bibliografia Prac Pracowników

Politechniki Koszalińskiej

Practical problems in measuring coaxiality by coordinate measuring machine / (Rekord nr 3481)

Szczegóły MARC
000 -ETYKIETA REKORDU
podpole kontrolne o stałej długości 01245naa a2200205 i 4500
001 - NUMER KONTROLNY REKORDU
podpole kontrolne BPP
003 - IDENTYFIKATOR NUMERU KONTROLNEGO REKORDU
podpole kontrolne BPK
005 - DATA OSTATNIEJ MODYFIKACJI REKORDU
podpole kontrolne 20140731135927.0
008 - POLE O STAŁEJ DŁUGOŚCI - DANE KONTROLNE
podpole kontrolne o stałej długości 140731s2008 pl f |000 0 eng
040 ## - ŹRÓDŁO KATALOGOWANIA
Instytucja, która utworzyła rekord BPK
041 ## - KOD JĘZYKA
Kod języka tekstu eng
044 ## - KOD KRAJU WYDAWCY/PRODUCENTA
Kod kraju wydawcy/producenta POL
100 ## - NAZWA OSOBOWA
Nazwa osobowa ŁUKIANOWICZ, Czesław.
Lata pracy 1996 - .
Instytucja Politechnika Koszalińska - Wydział Mechaniczny,
Wydział Katedra Inżynierii Produkcji
245 ## - TYTUŁ/ODPOWIEDZIALNOŚĆ
Tytuł Practical problems in measuring coaxiality by coordinate measuring machine /
Pozostałe elementy strefy tytułu i oznaczenia odpowiedzialności Sławomir Bubnowicz, Czesław Łukianowicz.
260 ## - STREFA ADRESU WYDAWNICZEGO
Data publikacji, dystrybucji/powstania dokumentu 2008.
500 ## - UWAGI OGÓLNE
Tekst uwagi Dane z autopsji.
520 ## - UWAGA DOTYCZĄCA TREŚCI DOKUMENTU
Analiza dokumentacyjna, adnotacja itp. In the paper, some problems in measuring of location deviations by coordinate measuring machine in production are presented. Special attention is given to the question tolerancing and measuring of coaxial deviations. Different methods of a choice of coordinate system, reference surfaces and measuring strategy are considered. Influence of various factors on the accuracy of the measurement of the coaxial deviation is analysed.
773 ## - TYTUŁ DOKUMENTU MACIERZYSTEGO
Wyrażenie wprowadzające W :
Tytuł Coordinate measuring technique. Problems and implementations / ed. by Eugeniusz Ratajczak and Władysław Jakubiec. -
Adres wydawniczy Bielsko-Biała : Wydaw. Akademii Techniczno-Humanistcznej, 2008. -
Informacje dotyczące relacji s. 223-230
942 ## - HASŁO DODATKOWE - ELEMENTY(KOHA)
Typ dokumentu Artykuł
Schemat klasyfikacji Uniwersalna klasyfikacja dziesiętna

Brak dostępnych egzemplarzy.

© 2014 Biblioteka Politechniki Koszalińskiej :: BIBLIOGRAFIA PRAC PRACOWNIKÓW